[Event "39th Olympiad Men"]
[Site "Khanty-Mansiysk RUS"]
[Date "2010.10.01"]
[Round "10"]
[White "Shobaita,T"]
[Black "Antoniou,A"]
[Result "1-0"]
[WhiteElo "2160"]
[BlackElo "2172"]

1.d4 d6 2.e4 Nf6 3.Nc3 e5 4.f3 exd4 5.Qxd4 Nc6 6.Bb5 Bd7 7.Qf2 a6 8.Bxc6 Bxc6
9.Nge2 d5 10.O-O Bd6 11.Bg5 dxe4 12.fxe4 Be5 13.Rad1 Qe7 14.Nd4 Qc5 15.Bxf6 gxf6
16.Nxc6 Qxf2+ 17.Rxf2 bxc6 18.Rf3 Rb8 19.b3 Ke7 20.Ne2 Rb4 21.c4 a5 22.Nd4 Rb6
23.Nf5+ Ke6 24.Rfd3 Rg8 25.g3 c5 26.Kg2 Ra8 27.Ng7+ Ke7 28.Rd7+ Kf8 29.Nf5 Bd6
30.Nxd6 cxd6 31.R1xd6 Rxd6 32.Rxd6 a4 33.Rxf6 axb3 34.axb3 Ra2+ 35.Rf2 Ra3
36.Rb2 Ke7 37.Kf3 Ke6 38.Kf4 Ra1 39.Rf2 Re1 40.h4 f6 41.g4 Rh1 42.h5 h6 43.b4 cxb4
44.Rb2 Rf1+ 45.Ke3 Ke5 46.Rxb4 Re1+ 47.Kd3 Rd1+ 48.Kc2 Rg1 49.c5 Rxg4 50.Rc4 Rg7
51.Kd3 f5 52.exf5 Kxf5 53.c6 Rc7 54.Kd4 Kg4 55.Ke5+ Kxh5 56.Kf6 Rc8 57.c7 Rf8+
58.Kg7 Rc8 59.Rc5+ Kg4 60.Kxh6 Kf4 61.Kg6 Ke4 62.Kf6  1-0

[Event "39th Olympiad Men"]
[Site "Khanty-Mansiysk RUS"]
[Date "2010.10.01"]
[Round "10"]
[White "Arenas,D"]
[Black "Pridorozhni,A"]
[Result "0-1"]
[WhiteElo "2457"]
[BlackElo "2556"]

1.e4 d6 2.d4 Nf6 3.Nc3 e5 4.Nf3 Nbd7 5.g4 Nxg4 6.Rg1 exd4 7.Nxd4 Nde5 8.h3 Nf6
9.Be3 c6 10.f4 Ng6 11.Qe2 Qc7 12.O-O-O Bd7 13.Nf3 Be7 14.f5 Ne5 15.Rxg7 b5
16.Nxe5 dxe5 17.Bg5 h6 18.Bh4 Kf8 19.Qg2 Ne8 20.Bxe7+ Kxe7 21.Qg6 Nxg7 22.f6+ Ke8
23.fxg7 Rg8 24.Qh7 Ke7 25.Bxb5 Be6 26.Nd5+ cxd5 27.exd5 Bxd5 28.Rxd5 Rad8
29.Rd7+ Rxd7 30.Qxg8 Rd8 31.Qh7 Qa5 32.g8=N+ Rxg8  0-1

[Event "39th Olympiad Men"]
[Site "Khanty-Mansiysk RUS"]
[Date "2010.10.01"]
[Round "10"]
[White "Javed,Mohammad"]
[Black "Izquierdo,D"]
[Result "0-1"]
[WhiteElo "2290"]
[BlackElo "2275"]

1.e4 d6 2.d4 Nf6 3.Nc3 e5 4.Nf3 Nbd7 5.g4 Nxg4 6.Rg1 exd4 7.Nxd4 Nde5 8.h3 Nf6
9.Be3 c5 10.Bb5+ Bd7 11.Bxd7+ Qxd7 12.Nf5 g6 13.Bg5 Nxe4 14.Nxe4 Qxf5 15.Nxd6+ Bxd6
16.Qxd6 Qe6 17.O-O-O Qxd6 18.Rxd6 Nf3 19.Rg3 Nxg5 20.Rxg5 Ke7 21.Rgd5 Rhd8
22.Rxd8 Rxd8 23.Rxc5 Kd6 24.Rc3 Re8 25.Rd3+ Kc6 26.Rc3+ Kd6 27.Rd3+ Kc7 28.Kd2 Re4
29.Rf3 f5 30.Re3 Rh4 31.Ke2 a6 32.Kf1 Rc4 33.c3 Kd6 34.Ke2 Rh4 35.Kf1 b5
36.b3 a5 37.Ke2 Kd5 38.Kd3 Rf4 39.Ke2 h6 40.Rg3 Re4+ 41.Kd3 g5 42.Re3 Rxe3+
43.Kxe3 h5 44.Kf3 a4 45.Ke3 a3 46.Kd3 h4 47.Ke3 g4 48.f3 gxh3 49.Kf2 Ke5
50.Kg1 Kf4 51.Kh2 Kxf3 52.Kxh3 Ke3 53.Kxh4 f4  0-1

[Event "FSFMA October"]
[Site "Budapest HUN"]
[Date "2010.10.03"]
[Round "2"]
[White "Grimm,D"]
[Black "Agu,Uche"]
[Result "1-0"]
[WhiteElo "1879"]
[BlackElo "2025"]

1.e4 d6 2.d4 Nf6 3.Nc3 Nbd7 4.Be3 c6 5.f3 e5 6.Qd2 Be7 7.O-O-O b5 8.g4 a5
9.Nge2 a4 10.Ng3 exd4 11.Bxd4 Ne5 12.Be2 b4 13.Nb1 c5 14.Be3 Be6 15.g5 Nfd7
16.f4 Nc4 17.Bxc4 Bxc4 18.b3 axb3 19.cxb3 Bb5 20.Nf5 O-O 21.Nxd6 Bxd6 22.Qxd6 Qa5
23.Rd2 Rfe8 24.Re1 Rxe4 25.Bf2 Rxe1+ 26.Bxe1 Rc8 27.Rc2 Qa8 28.Kb2 Qe4 29.Bf2 c4
30.bxc4 Ba4 31.Rc1 Qe2+ 32.Qd2 Qf3 33.Qe3 Qg2 34.Qg3 Qe4 35.Nd2 Qf5 36.Nb3 Bxb3
37.axb3 Nf8 38.Be1 Ne6 39.Bxb4 Nxf4 40.Rd1 Re8 41.Rd2 Ne6 42.h4 Qe4 43.Bc3 Rc8
44.h5 Qb7 45.Qe5 Re8 46.h6 Qf3 47.hxg7 Qg4 48.Qb5 Rc8 49.Qd7 Rb8 50.Qd6 Rc8
51.Qe7 Qf5 52.Qf6 Qg4 53.Qe7 Qf4 54.Qb7 Rb8 55.Qd5 Rc8 56.Qe5 Qg4 57.Qf6 Rb8
58.Be5 Re8 59.g6 fxg6 60.Rf2 Nf4 61.Qxf4 Qxf4 62.Bxf4 Kxg7 63.Bd6 g5  1-0

[Event "9th Sparkassen Open"]
[Site "Forchheim GER"]
[Date "2010.10.03"]
[Round "4"]
[White "Mons,L"]
[Black "Hirneise,J"]
[Result "1/2-1/2"]
[WhiteElo "2178"]
[BlackElo "2298"]

1.e4 d6 2.d4 Nf6 3.Nc3 e5 4.dxe5 dxe5 5.Qxd8+ Kxd8 6.Bc4 Ke8 7.f3 a6 8.Bg5 Nbd7
9.Nge2 Bc5 10.O-O-O h6 11.Bh4 b5 12.Bb3 c6 13.Kb1 Be7 14.Bg3 Nh5 15.Bf2 Nc5
16.Nc1 Nf4 17.g3 Nfe6 18.Nd3 f6 19.f4 Nxd3 20.cxd3 Nd4 21.Bxd4 exd4 22.Ne2 Bg4  1/2-1/2

[Event "21st Open"]
[Site "Goch GER"]
[Date "2010.10.03"]
[Round "6.2"]
[White "Baeumler,I"]
[Black "Mladenov,Sv"]
[Result "0-1"]
[WhiteElo "2236"]
[BlackElo "2436"]

1.e4 d6 2.d4 Nf6 3.Nc3 e5 4.Nf3 Nbd7 5.Bc4 Be7 6.O-O O-O 7.h3 c6 8.a4 a5
9.Be3 Nb6 10.Bb3 Nfd7 11.Ne2 exd4 12.Qxd4 Nc5 13.Rad1 Ncxa4 14.e5 c5 15.Qf4 Nxb2
16.exd6 Bf6 17.Rd2 c4 18.Bxb6 Qxb6 19.Bxc4 Nxc4 20.Qxc4 Be6 21.Qa4 Rac8 22.d7 Rc4
23.Qa3 Qc7 24.Rfd1 Rxc2 25.Rxc2 Qxc2 26.Rc1 Qxe2 27.Nd4 Qd2 28.Rc8 Qe1+  0-1

[Event "21st Open"]
[Site "Goch GER"]
[Date "2010.10.03"]
[Round "7.14"]
[White "Kienitz,A"]
[Black "Esser,N"]
[Result "1/2-1/2"]
[WhiteElo "2180"]
[BlackElo "2199"]

1.e4 d6 2.d4 Nf6 3.Nc3 e5 4.dxe5 dxe5 5.Qxd8+ Kxd8 6.Bg5 Be6 7.O-O-O+ Nd7
8.f4 exf4 9.Nf3 h6 10.Bxf4 Bb4 11.Nd5 Bxd5 12.exd5 Bd6 13.Be3 Re8 14.Bd4 a6
15.g3 Ng4 16.Bh3 Nde5 17.Nxe5 Nxe5 18.Rhf1 f6 19.c3 a5 20.a4  1/2-1/2

[Event "39th Olympiad Men"]
[Site "Khanty-Mansiysk RUS"]
[Date "2010.10.03"]
[Round "11"]
[White "Arakhamia-Grant,K"]
[Black "Hussein,AH"]
[Result "0-1"]
[WhiteElo "2451"]
[BlackElo "2364"]

1.e4 d6 2.d4 Nf6 3.Nc3 Nbd7 4.Nf3 e5 5.Bc4 Be7 6.O-O O-O 7.Re1 c6 8.a4 b6
9.b3 Bb7 10.Bb2 a6 11.Bd3 Re8 12.Ne2 Bf8 13.Ng3 Qc7 14.c4 g6 15.h4 h5 16.Ng5 Bg7
17.d5 Nc5 18.Bf1 a5 19.f3 Rad8 20.Ne2 Qe7 21.g3 Nh7 22.Nxh7 Kxh7 23.Nc3 Bh6
24.Bh3 cxd5 25.Nxd5 Bxd5 26.cxd5 Rf8 27.Qc2 Rb8 28.Ba3 Rb7 29.Rab1 Rc7 30.Qe2 Kh8
31.Kh1 f5 32.exf5 gxf5 33.Bxc5 Rxc5 34.f4 Rc3 35.Qxh5 Qh7 36.Rg1 Bxf4 37.Qxh7+ Kxh7
38.Kh2 Be3 39.Rg2 f4 40.Rgb2 fxg3+ 41.Kg2 Bd4 42.Re2 Rf4 43.b4 axb4 44.Rxb4 Rc1
45.Bd7 Rf2+ 46.Rxf2 gxf2 47.Bb5 Rg1+ 48.Kh2 f1=Q 49.Bxf1 Rxf1  0-1

[Event "39th Olympiad Women"]
[Site "Khanty-Mansiysk RUS"]
[Date "2010.10.03"]
[Round "11"]
[White "Majdan,J"]
[Black "Khukhashvili,S"]
[Result "1-0"]
[WhiteElo "2333"]
[BlackElo "2422"]

1.e4 d6 2.d4 Nf6 3.Nc3 e5 4.Nf3 Nbd7 5.Bc4 Be7 6.O-O O-O 7.Re1 c6 8.a4 h6
9.h3 Re8 10.Be3 Qc7 11.Ba2 Nf8 12.Nd2 Ng6 13.a5 Nh4 14.Nf3 Ng6 15.Nd2 Nh4
16.f4 exd4 17.Bxd4 d5 18.e5 Nh7 19.Nf3 Nf8 20.Bf2 Nhg6 21.Qd2 h5 22.Ne2 Bf5
23.Ng3 Qc8 24.Nd4 Bxh3 25.f5 h4 26.fxg6 hxg3 27.gxf7+ Kxf7 28.gxh3 gxf2+
29.Qxf2+ Kg8 30.c4 Bc5 31.cxd5 Qxh3 32.d6+ Kh8 33.Re4 Ng6 34.Qh2 Qxh2+ 35.Kxh2 Bxd4
36.Rh1 Be3 37.Rxe3 Nh4 38.Kg3 g5 39.Kg4 Kg7 40.Kxg5 Ng6 41.e6 Rad8 42.Rh6 Nh8
43.e7 Rd7 44.Reh3 Nf7+ 45.Bxf7 Kxf7 46.Rf3+  1-0

[Event "39th Olympiad Men"]
[Site "Khanty-Mansiysk RUS"]
[Date "2010.10.03"]
[Round "11"]
[White "Rozentalis,E"]
[Black "Solomon,K"]
[Result "1/2-1/2"]
[WhiteElo "2611"]
[BlackElo "2394"]

1.e4 d6 2.d4 Nf6 3.Nc3 e5 4.Nf3 Nbd7 5.Bc4 Be7 6.O-O O-O 7.Re1 a6 8.a4 b6
9.Ne2 Bb7 10.Ng3 exd4 11.Nxd4 Re8 12.Bf4 Bf8 13.Bd3 Ne5 14.Ndf5 Ng6 15.Qd2 d5
16.e5 Ng4 17.Nh5 N4xe5 18.Bh6 Nh4 19.Rxe5 Rxe5 20.Bg5 Qd7 21.Nxh4 Qg4 22.Nf3 Qxh5
23.Nxe5 f6 24.Bxf6 gxf6 25.Nd7 Qf7 26.Nxf8 Rxf8 27.a5 b5 28.Qe3 Re8 29.Qd4 Qe7
30.b4 Qe5 31.c3 Bc8 32.h3 Kg7 33.Rd1 Bd7 34.f4 Qd6 35.Rf1 Rc8 36.Re1 Re8
37.Re3 Rxe3 38.Qxe3 Be6 39.Qg3+ Kh8 40.Qh4 Bg8 41.Qf2 Be6 42.Qd4 Bd7 43.Be2 Kg7
44.Bf3 Be6 45.Kf2 Bf7 46.h4 h5 47.g3 Qe6 48.Qc5 Qd7 49.Bg2 Qf5 50.Bf3 Qd7
51.Kg2 Qf5 52.Qxc7 Qc2+ 53.Kh3 Qf5+ 54.g4 hxg4+ 55.Bxg4 Qd3+ 56.Kg2 Qc2+
57.Kg3 d4 58.Qd7 Qxc3+ 59.Bf3 Qxb4 60.h5 Qe1+ 61.Kg2 Qd2+ 62.Kg3 Qe1+ 63.Kg2 Qh4
64.Qxd4 Bxh5 65.Qa7+ Kh6 66.Qxa6 Qxf4 67.Bxh5 Qg5+ 68.Kf2 Qc5+ 69.Kg2 Qg5+
70.Kf2 Qc5+ 71.Kg2 Qg5+  1/2-1/2

[Event "39th Olympiad Women"]
[Site "Khanty-Mansiysk RUS"]
[Date "2010.10.03"]
[Round "11"]
[White "Saduakassova,D"]
[Black "Lematschko,T"]
[Result "1-0"]
[WhiteElo "2142"]
[BlackElo "2194"]

1.e4 d6 2.d4 Nf6 3.Nc3 e5 4.dxe5 dxe5 5.Qxd8+ Kxd8 6.Bg5 c6 7.Nf3 Bd6 8.O-O-O Ke7
9.Bxf6+ gxf6 10.Bc4 Be6 11.Bb3 Bc5 12.Rd2 Rd8 13.Rhd1 Rxd2 14.Rxd2 Bb4 15.Rd3 Nd7
16.Bxe6 fxe6 17.Nd2 Bc5 18.Rh3 Rh8 19.Nd1 b5 20.Nb3 Bb6 21.Ne3 a5 22.Kd2 a4
23.Nc1 Nf8 24.Nd3 Rg8 25.Rg3 Rg6 26.b3 axb3 27.cxb3 Nd7 28.Rxg6 hxg6 29.f3 f5
30.g3 Kd6 31.Nd1 Nf6 32.N1f2 Bd4 33.b4 Nd7 34.Nd1 Nb6 35.N1b2 f4 36.g4 g5
37.Kc2 Nd7 38.a4 Nf8 39.a5 Ng6 40.Kd2 Nh4 41.Ke2 Kc7 42.Nd1 Ng6 43.N1f2 Nh8
44.Nc5 Bxc5 45.bxc5 Nf7 46.Nd3 Kb7 47.Nb4 Nd8 48.Kf2 Kc7 49.a6 Kb8 50.h4 gxh4
51.g5 Nf7 52.g6 Nh6 53.Nxc6+ Kc7 54.Nb4 Ng8 55.Kg2 Nf6 56.g7 Ng8 57.Kh3  1-0

[Event "39th Olympiad Men"]
[Site "Khanty-Mansiysk RUS"]
[Date "2010.10.03"]
[Round "11"]
[White "Svidler,P"]
[Black "Salgado Lopez,I"]
[Result "0-1"]
[WhiteElo "2731"]
[BlackElo "2595"]

1.e4 d6 2.d4 Nf6 3.Nc3 e5 4.Nge2 Nbd7 5.g3 Be7 6.Bg2 c6 7.a4 b6 8.O-O a6
9.h3 h5 10.Be3 Bb7 11.Nc1 O-O 12.Nd3 Qc7 13.f4 b5 14.Nf2 Rfe8 15.g4 hxg4
16.hxg4 b4 17.Ne2 exd4 18.Qxd4 c5 19.Qd3 d5 20.e5 Ne4 21.Nxe4 dxe4 22.Qd1 Rad8
23.Qc1 f6 24.e6 Nb6 25.f5 Nd5 26.Nf4 c4 27.Nxd5 Rxd5 28.Bf4 Qb6+ 29.Kh2 g5
30.fxg6 Qxe6 31.Kg3 Rg5 32.Bxg5 fxg5 33.Rf5 Bd6+ 34.Kf2 e3+ 35.Kg1 Bxg2 36.Kxg2 Qe4+  0-1

[Event "39th Olympiad Women"]
[Site "Khanty-Mansiysk RUS"]
[Date "2010.10.03"]
[Round "11"]
[White "Vega Gutierrez,B"]
[Black "Vajda,S"]
[Result "0-1"]
[WhiteElo "2233"]
[BlackElo "2342"]

1.e4 d6 2.d4 Nf6 3.Nc3 Nbd7 4.Nge2 e5 5.f3 c6 6.Be3 Qa5 7.g4 h6 8.Ng3 d5
9.a3 dxe4 10.fxe4 exd4 11.Bxd4 Ne5 12.h3 Be6 13.b4 Qc7 14.Bf2 Rd8 15.Qe2 Nfxg4
16.hxg4 Bxg4 17.Qe3 Nf3+ 18.Ke2 Nd4+ 19.Kd2 Nf5+ 20.Qd3 Rxd3+ 21.Bxd3 Qf4+  0-1

[Event "39th Olympiad Men"]
[Site "Khanty-Mansiysk RUS"]
[Date "2010.10.03"]
[Round "11"]
[White "Araz,B"]
[Black "Shaw,J"]
[Result "0-1"]
[WhiteElo "2348"]
[BlackElo "2446"]

1.e4 d6 2.d4 Nf6 3.Nc3 e5 4.dxe5 dxe5 5.Qxd8+ Kxd8 6.Bc4 Ke8 7.Nf3 Bd6 8.Bg5 c6
9.O-O-O Bc7 10.Bxf6 gxf6 11.Nh4 Be6 12.Bb3 Nd7 13.f3 Nc5 14.Nf5 Rg8 15.g4 a5
16.Na4 Nxa4 17.Bxa4 b5 18.Bb3 a4 19.Bxe6 fxe6 20.Ne3 Ke7 21.Kd2 Rad8+ 22.Ke2 Rxd1
23.Rxd1 Bb6 24.c3 Rb8 25.Nc2 Bc5 26.Rd2 h5 27.gxh5 Rh8 28.Nb4 Bxb4 29.cxb4 Rxh5
30.Ke3 f5 31.Rg2 Rh4 32.a3 Kd6 33.Rd2+ Kc7 34.Re2 Kb6 35.Kd3 Rh3 36.Rf2 c5
37.Kc2 cxb4 38.axb4 Kc6 39.Kd3 Kd6 40.Rd2 Ke7 41.Rf2 Kf6 42.Ke3 Rh8 43.b3 axb3
44.Rb2 Rh3 45.exf5 exf5 46.Rxb3 Rxh2 47.Rb1 Ra2 48.Rc1 Ra3+ 49.Ke2 Rb3 50.Rc6+ Kg5
51.Rc5 Kf4 52.Rxb5 Re3+ 53.Kd2 Kxf3 54.Rc5 f4 55.b5 e4 56.Kc2 Re2+ 57.Kc1 Rh2
58.b6 Rh6 59.Rb5 Rh8 60.b7 Rb8 61.Kd1 e3 62.Rb2 Rd8+ 63.Ke1 Rh8 64.Kd1 Rh1+
65.Kc2 Rh2+ 66.Kc3 Rxb2 67.Kxb2 e2 68.b8=Q e1=Q 69.Qb3+ Qe3 70.Qd5+ Kf2 71.Kc2 Qe2+
72.Kc1 f3 73.Qh5 Qc4+ 74.Kd2 Qd4+ 75.Kc2 Kg2 76.Qg6+ Kh3 77.Qh5+ Kg3 78.Qg6+ Qg4
79.Qd3 Kh2 80.Qd6+ Qg3 81.Qh6+  0-1

[Event "39th Olympiad Men"]
[Site "Khanty-Mansiysk RUS"]
[Date "2010.10.03"]
[Round "11"]
[White "Can,E"]
[Black "Kurmann,O"]
[Result "1/2-1/2"]
[WhiteElo "2500"]
[BlackElo "2452"]

1.e4 d6 2.d4 Nf6 3.Nc3 e5 4.dxe5 dxe5 5.Qxd8+ Kxd8 6.Bg5 Be6 7.g3 Kc8 8.O-O-O Bc5
9.Bxf6 gxf6 10.Rd2 Nd7 11.Bh3 h5 12.Bf5 c6 13.Nf3 Kc7 14.Nh4 a5 15.Re1 a4
16.Ng2 Nb6 17.f4 Nc4 18.Rd3 b5  1/2-1/2

[Event "Tatry Open"]
[Site "Tatranske Zruby CZE"]
[Date "2010.10.03"]
[Round "2"]
[White "Vohnout,P"]
[Black "Janousek,P"]
[Result "0-1"]
[WhiteElo "2041"]
[BlackElo "2176"]

1.e4 d6 2.d4 Nf6 3.Nc3 Nbd7 4.Nf3 e5 5.Bc4 Be7 6.O-O O-O 7.a4 c6 8.Bg5 b6
9.Qe2 a6 10.dxe5 dxe5 11.Bxf6 Bxf6 12.Rfd1 Qc7 13.Qe3 Bb7 14.Rd2 Rad8 15.Rad1 b5
16.Bb3 Be7 17.Ng5 Bxg5 18.Qxg5 Nf6 19.Bxf7+ Kxf7 20.Qe3 Rxd2 21.Qxd2 Bc8
22.Qd3 Be6 23.b3 Re8 24.h3 Re7 25.g4 Rd7 26.Qf3 Rxd1+ 27.Nxd1 h6 28.Ne3 Qd7
29.Nf5 Bxf5 30.exf5 Qd5 31.Qg3 bxa4 32.bxa4 Qd1+ 33.Kg2 Qxc2 34.g5 hxg5 35.Qxg5 Qxf2+
36.Kh1 Qf3+ 37.Kg1 Qxh3  0-1

[Event "Tatry Open"]
[Site "Tatranske Zruby CZE"]
[Date "2010.10.03"]
[Round "2"]
[White "Budinsky,J"]
[Black "Mocary,M"]
[Result "0-1"]
[WhiteElo "2029"]
[BlackElo "1979"]

1.e4 d6 2.d4 Nf6 3.Nc3 c6 4.f4 b5 5.Bd3 a6 6.Nf3 Bb7 7.e5 Nd5 8.Nxd5 cxd5
9.O-O Nc6 10.c3 g6 11.Qe2 Bg7 12.e6 f5 13.Ng5 O-O 14.Qf2 Qb6 15.Kh1 h6 16.Nf3 Rf6
17.Re1 Raf8 18.Bd2 Bc8 19.Qg3 Bxe6 20.Re2 Bf7 21.Rae1 Re8 22.Qh3 Qc7 23.g4 fxg4
24.Qxg4 e5 25.dxe5 dxe5 26.Nxe5 Nxe5 27.fxe5 Rfe6 28.Bf4 g5 29.Rg1 Bg6 30.Bxg6 Rxg6
31.h4 Qc4 32.Bh2 Qxg4 33.Rxg4 Kf7 34.Rf2+ Ke7 35.hxg5 hxg5 36.Kg2 Ke6 37.Re2 Rc8
38.a4 Rc4 39.Rxc4 bxc4 40.Rd2 g4 41.Bf4 g3 42.Re2 Rg4 43.Kf3 g2 44.Rxg2 Rxg2
45.Kxg2 Kf5 46.Kf3 Bf8 47.Ke3 Bc5+ 48.Kf3 d4 49.e6 d3 50.Be3 Be7 51.Bd4 Kxe6
52.Be3 Kf5 53.Bd4 Bg5 54.Bc5 Bc1 55.Ba3 Ke5  0-1

[Event "FSFMA October"]
[Site "Budapest HUN"]
[Date "2010.10.07"]
[Round "6"]
[White "Farkas,R"]
[Black "Agu,Uche"]
[Result "1/2-1/2"]
[WhiteElo "1960"]
[BlackElo "2025"]

1.e4 d6 2.d4 Nf6 3.Nc3 Nbd7 4.Be3 e5 5.f3 c6 6.Qd2 Be7 7.O-O-O b5 8.d5 cxd5
9.Nxd5 Nxd5 10.Qxd5 Rb8 11.Bxb5 O-O 12.Ne2 Nf6 13.Qd3 Qa5 14.Nc3 Be6 15.Ba4 Rfc8
16.Bb3 Bxb3 17.axb3 Qa1+ 18.Kd2 Qxb2 19.Rb1 Qa3 20.Ra1 Qb4 21.Ra4 Rxc3 22.Qxc3 Qb5
23.Ra5 Qe8 24.Bxa7 Rc8 25.Qb4 d5 26.Qb5 Qd8 27.exd5 e4 28.c3 exf3 29.gxf3 Qd6
30.Be3 Qe5 31.Qd3 Bd6 32.Qd4 Qf5 33.Rf1 Be5 34.Qd3 Bxc3+ 35.Qxc3 Rxc3 36.Kxc3 h6
37.b4 Qc8+ 38.Rc5 Qa6 39.Re1 Qa3+ 40.Kc4  1/2-1/2

[Event "TCh-ISL Div 1 2010-11"]
[Site "Reykjavik ISL"]
[Date "2010.10.08"]
[Round "1.1"]
[White "Kristjansson,St"]
[Black "Henrichs,T"]
[Result "1/2-1/2"]
[WhiteElo "2477"]
[BlackElo "2507"]

1.e4 d6 2.d4 Nf6 3.Nc3 e5 4.Nf3 Nbd7 5.Bc4 Be7 6.O-O O-O 7.Qe2 exd4 8.Nxd4 Ne5
9.Bb3 c5 10.Nf5 Bxf5 11.exf5 Qd7 12.Nd5 Rae8 13.Ne3 Bd8 14.Rd1 b5 15.c3 c4
16.Bc2 Bb6 17.a4 a6 18.h3 d5 19.axb5 axb5 20.b3 Qc6 21.Ba3 Bc5 22.Bxc5 Qxc5
23.b4 Qd6 24.Qd2 Rd8 25.Ra5 Qb6 26.Rda1 Nc6 27.Ra6 Qc7 28.Ng4 Nxg4 29.hxg4 f6
30.Qe3 Ne5 31.Qd4 Rfe8 32.g5 fxg5 33.Ra7 Qd6 34.R1a6 Qf8 35.f6 Nf7 36.fxg7 Re1+
37.Kh2 Qe8 38.f4 Re6 39.Rxe6 Qxe6 40.fxg5 Qd6+ 41.Kg1 Nxg5 42.Bf5 Re8 43.Bg4 Re5
44.Rd7 Qf6 45.Rxd5 Re1+ 46.Kh2 Qh6+ 47.Bh3 Qxh3+ 48.gxh3 Nf3+ 49.Kg3 Nxd4
50.cxd4 c3 51.Rc5 Re4 52.d5 Rxb4 53.Rxc3 Rd4  1/2-1/2

[Event "TCh-ISL Div 1 2010-11"]
[Site "Reykjavik ISL"]
[Date "2010.10.08"]
[Round "1.2"]
[White "Navara,D"]
[Black "Ivanov,MM"]
[Result "1-0"]
[WhiteElo "2722"]
[BlackElo "2438"]

1.e4 d6 2.d4 Nf6 3.Nc3 e5 4.Nf3 Nbd7 5.Bc4 Be7 6.O-O O-O 7.a4 c6 8.Re1 a5
9.h3 exd4 10.Qxd4 Nc5 11.Bf4 Ne6 12.Bxe6 Bxe6 13.Rad1 Ne8 14.Qe3 Qb8 15.Nd4 Qa7
16.Qg3 Qc5 17.Nd5 Bd8 18.Ne3 Bf6 19.c3 Rd8 20.Ndf5 Bxf5 21.Nxf5 Qc4 22.e5 dxe5
23.Rxd8 Bxd8 24.Bxe5 f6 25.Bd6  1-0

[Event "Tatry Open"]
[Site "Tatranske Zruby CZE"]
[Date "2010.10.08"]
[Round "8"]
[White "Belunek,V"]
[Black "Mocary,M"]
[Result "1-0"]
[WhiteElo "2278"]
[BlackElo "1979"]

1.e4 d6 2.d4 Nf6 3.Nc3 c6 4.h3 g6 5.Be3 Bg7 6.Qd2 b5 7.Bd3 b4 8.Nce2 a5 9.Ng3 Ba6
10.Nf3 Nbd7 11.a3 Bxd3 12.Qxd3 O-O 13.O-O c5 14.axb4 axb4 15.c3 Qc7 16.Rfb1 Rxa1
17.Rxa1 c4 18.Qc2 Rb8 19.Nd2 h6  1-0

[Event "TCh-NED"]
[Site "Netherlands NED"]
[Date "2010.10.09"]
[Round "2.4"]
[White "Martens,M"]
[Black "Hausrath,D"]
[Result "1/2-1/2"]
[WhiteElo "2431"]
[BlackElo "2537"]

1.e4 d6 2.d4 Nf6 3.Nc3 e5 4.Nge2 Nbd7 5.g3 g6 6.Bg2 Bg7 7.O-O O-O 8.h3 exd4
9.Nxd4 Re8 10.Re1 Nc5 11.Bf4 Nh5 12.Be3 Nf6 13.Bf4 Nh5 14.Be3 Nf6 15.Bf4  1/2-1/2

[Event "TCh-SWE Elitserien 2010-11"]
[Site "Sweden SWE"]
[Date "2010.10.09"]
[Round "2"]
[White "Backman,A"]
[Black "Andersson,Johan"]
[Result "1/2-1/2"]
[WhiteElo "2102"]
[BlackElo "2117"]

1.d4 d6 2.e4 Nf6 3.Nc3 c6 4.f4 Qa5 5.Bd3 e5 6.Nf3 Bg4 7.Be3 exf4 8.Bf2 Nbd7
9.Qd2 Bxf3 10.gxf3 Nh5 11.O-O-O Be7 12.Kb1 Qc7 13.Ne2 O-O-O 14.c4 g5 15.Rc1 Kb8
16.Rc3 Ng7 17.Rb3 Bf6 18.Rc1 Ka8 19.Ra3 Rc8 20.d5 c5 21.Nc3 Bxc3 22.Qxc3 Ne5
23.Bc2 f6 24.Ka1 Rhf8 25.b4 b6 26.bxc5 bxc5 27.Ba4 Rb8 28.Bb5 Rf7 29.Ra6 Rb6
30.Rb1 Rxa6 31.Bxa6 Qd8 32.Qb3 Qc7 33.Be1 Nd7 34.Bb7+ Kb8 35.a4 Nb6 36.Bc6 Kc8
37.Qb5 Kd8 38.Qa6 Qc8 39.Qb5 Rc7 40.Bc3 Ke7 41.Ba5 Qb8 42.Qa6 h5 43.h3 h4
44.Qb5 Nh5 45.Qb3 Ng3 46.Qd3 Qc8 47.Bxb6 axb6 48.e5 Qf5 49.exd6+ Kxd6 50.Qxf5 Nxf5
51.Rxb6 Ra7 52.Be8+ Ke7 53.Re6+ Kd8 54.Bb5 Nd4 55.Re8+ Kc7 56.Kb2 Kd6 57.Rd8+ Ke7
58.Rh8 Kd6 59.Rh6 Ke5 60.Rh8 Kd6 61.Rh6 Ke5 62.Rh8  1/2-1/2

[Event "TCh-BEL 2010-11"]
[Site "Belgium BEL"]
[Date "2010.10.10"]
[Round "2.8"]
[White "Russo,B"]
[Black "Verduyn,F"]
[Result "1/2-1/2"]
[WhiteElo "1954"]
[BlackElo "2186"]

1.e4 d6 2.d4 Nf6 3.Nc3 c6 4.f4 Qa5 5.Bd3 e5 6.Nf3 Bg4 7.Be3 Nbd7 8.O-O Be7
9.h3 Bh5 10.Qe1 Bxf3 11.Rxf3 O-O 12.a3 a6 13.Qf2 Qc7 14.Rf1 c5 15.dxe5 dxe5
16.g4 Bd6 17.g5 Nh5 18.Nd5 Qd8 19.f5 Nf4 20.Qh4 Re8 21.Nxf4 exf4 22.Bxf4 Bxf4
23.Qxf4 Ne5 24.Rg3 c4 25.Be2 Qb6+ 26.Kh1 Rad8 27.g6 fxg6 28.fxg6 h6 29.Bxc4+ Nxc4
30.Qf7+ Kh8 31.Qxc4 Qxb2 32.Rgf3 Qe5 33.Rf5 Qg3 34.R5f3 Qxg6 35.Rg1 Qxe4
36.Qxe4 Rxe4 37.Rf7 g5 38.Rxb7  1/2-1/2

[Event "4NCL Individual Rapid"]
[Site "Newport Pagnell ENG"]
[Date "2010.10.10"]
[Round "4"]
[White "Hebden,M"]
[Black "Buckley,D"]
[Result "1-0"]
[WhiteElo "2556"]
[BlackElo "2237"]

1.d4 d6 2.e4 Nf6 3.Nc3 e5 4.dxe5 dxe5 5.Qxd8+ Kxd8 6.Bc4 Bb4 7.Bd2 Ke7 8.Nf3 Nbd7
9.O-O-O c6 10.Rhe1 Bd6 11.Ng5 Rf8 12.f4 Nb6 13.Bb3 Bg4 14.Nf3 Nfd7 15.fxe5 Nxe5
16.Bf4 Bxf3 17.gxf3 Nd3+ 18.cxd3 Bxf4+ 19.Kc2 Bxh2 20.Rh1 Bf4 21.Ne2 Bh6
22.Ng3 Bf4 23.Nf5+ Kf6 24.Rxh7 g6 25.Nd4 Rad8 26.Ne2 Bb8 27.d4 g5 28.Rdh1 a5
29.R1h6+ Ke7 30.Re6+ Kd7 31.Rf6 Kc8 32.Rfxf7 Rxf7 33.Bxf7 Ba7 34.Rg7 Nd7
35.Be6 Kc7 36.e5 c5 37.d5 c4 38.Nc3 Be3 39.Nb5+ Kc8 40.Nd6+ Kc7 41.Nxc4 Bf4
42.a4 b6 43.Kd3  1-0

[Event "TCh-HUN 2010-11"]
[Site "Zalaegerszeg HUN"]
[Date "2010.10.10"]
[Round "1"]
[White "Meszaros,T"]
[Black "Nadj Hedjesi,B"]
[Result "1-0"]
[WhiteElo "2448"]
[BlackElo "2407"]

1.e4 d6 2.d4 Nf6 3.Nc3 e5 4.Nf3 exd4 5.Nxd4 Be7 6.Bf4 O-O 7.Qd2 a6 8.O-O-O b5
9.f3 d5 10.Nxd5 Nxd5 11.exd5 Qxd5 12.Nb3 Qxd2+ 13.Rxd2 c5 14.Bd3 Be6 15.Na5 Nd7
16.Be4 Rac8 17.Bb7 Rce8 18.Bc6 Rd8 19.Nb7 Nf6 20.Nxd8 Rxd8 21.Rxd8+ Bxd8
22.Rd1 Bb6 23.Be5  1-0

[Event "I Memorial Oliver Gonzalez"]
[Site "Madrid ESP"]
[Date "2010.10.11"]
[Round "3"]
[White "Vila Gazquez,X"]
[Black "Martin Consuegra Barrilero,J"]
[Result "1-0"]
[WhiteElo "2478"]
[BlackElo "1930"]

1.e4 d6 2.d4 Nf6 3.Nc3 e5 4.Nge2 c6 5.g3 Be7 6.Bg2 Qc7 7.O-O O-O 8.h3 a6
9.a4 a5 10.Be3 Bd7 11.Qd2 Na6 12.f4 Rfd8 13.g4 Ne8 14.Ng3 Bh4 15.Rf3 exd4
16.Bxd4 Nc5 17.Qf2 b6 18.Re1 Rab8 19.Qd2 Bc8 20.Bf2 Ba6 21.Nf5 Bxf2+ 22.Qxf2 Ne6
23.Rd1 Rd7 24.g5 Qd8 25.h4 N8c7 26.Ng3 d5 27.f5 Nc5  1-0

[Event "I Memorial Oliver Gonzalez"]
[Site "Madrid ESP"]
[Date "2010.10.15"]
[Round "7"]
[White "Korneev,O"]
[Black "Strikovic,A"]
[Result "1/2-1/2"]
[WhiteElo "2562"]
[BlackElo "2560"]

1.e4 d6 2.d4 Nf6 3.Nc3 e5 4.Nf3 Nbd7 5.Bc4 Be7 6.a4 O-O 7.O-O c6 8.Re1 b6
9.Ba2 a6 10.h3 Rb8 11.Be3 b5 12.axb5 axb5 13.b4 Bb7 14.Bb3 Ra8 15.Qd3 exd4
16.Rxa8 Bxa8 17.Bxd4 Qb8 18.e5 dxe5 19.Nxe5 Nxe5 20.Rxe5 Qd8 21.Rg5 Ne8 22.Rh5 Nf6
23.Rg5 Ne8 24.Rh5 Nf6  1/2-1/2

[Event "32nd Open"]
[Site "Arco ITA"]
[Date "2010.10.16"]
[Round "1"]
[White "Damia,A"]
[Black "Roessner,U"]
[Result "1-0"]
[WhiteElo "2287"]
[BlackElo "1902"]

1.e4 d6 2.d4 Nf6 3.Nc3 e5 4.Nf3 exd4 5.Nxd4 Be7 6.Bf4 O-O 7.Qd2 Nbd7 8.O-O-O Nc5
9.f3 a5 10.g4 Ne6 11.Be3 Nd7 12.Nf5 Bf6 13.Nd5 Ne5 14.Be2 b5 15.f4 Nc4 16.Bxc4 bxc4
17.g5 Bxb2+ 18.Kxb2 Rb8+ 19.Ka1 Bb7 20.Nfe7+ Kh8 21.f5 Bxd5 22.Nxd5 Nc5 23.Bxc5 dxc5
24.f6 Qd6 25.fxg7+  1-0

[Event "Guernsey Open"]
[Site "Grand Havre Bay GBG"]
[Date "2010.10.17"]
[Round "1"]
[White "Pert,N"]
[Black "Bakker,Joo"]
[Result "1-0"]
[WhiteElo "2561"]
[BlackElo "2019"]

1.d4 d6 2.e4 Nf6 3.Nc3 e5 4.dxe5 dxe5 5.Qxd8+ Kxd8 6.Bc4 Bb4 7.Bd2 Ke7 8.Nf3 Nbd7
9.O-O-O Bxc3 10.Bxc3 Nxe4 11.Bxe5 Nxe5 12.Nxe5 Nd6 13.Rhe1 Nxc4 14.Nd7+ Kd8
15.Nb6+ Nd6 16.Nxa8 b6 17.Re3 Bb7 18.Nxc7 Kxc7 19.Re7+  1-0

[Event "15th European Club Cup Women"]
[Site "Plovdiv BUL"]
[Date "2010.10.17"]
[Round "1"]
[White "Jahn,C"]
[Black "Skripchenko,A"]
[Result "0-1"]
[WhiteElo "2152"]
[BlackElo "2464"]

1.e4 d6 2.d4 Nf6 3.Nc3 e5 4.Nf3 Nbd7 5.Bc4 Be7 6.dxe5 dxe5 7.O-O O-O 8.Qe2 c6
9.a4 a5 10.Bg5 h6 11.Bd2 Nh7 12.Rad1 Qc7 13.Be3 Nc5 14.Qd2 Bg4 15.Be2 Nf6
16.Bxc5 Bxc5 17.Nh4 Rad8 18.Qe1 Be6 19.Nf5 Qb6 20.Rxd8 Rxd8 21.Qc1 Bd4 22.Bd3 Bxf5
23.exf5 Bxc3 24.bxc3 e4 25.Be2 Qc5 26.Qb2 Rd2 27.Bd1 e3 28.fxe3 Qxe3+ 29.Kh1 Ne4
30.Bf3 Nf2+  0-1

[Event "32nd Open"]
[Site "Arco ITA"]
[Date "2010.10.18"]
[Round "3"]
[White "Casagrande,F"]
[Black "Molina,Fa"]
[Result "0-1"]
[WhiteElo "2010"]
[BlackElo "2222"]

1.e4 d6 2.d4 Nf6 3.Nc3 Nbd7 4.Nf3 e5 5.Bc4 Be7 6.O-O O-O 7.Re1 c6 8.a4 b6
9.d5 c5 10.a5 bxa5 11.Nd2 Nb6 12.Bb5 Bd7 13.Qe2 Ne8 14.Bxd7 Qxd7 15.Rxa5 f5
16.f3 Kh8 17.Qb5 Qxb5 18.Nxb5 a6 19.Nc3 Bg5 20.Na4 Bxd2  0-1